El acceso a la justicia teora̕ y prc̀tica desde una perspectiva comparada /

Detalles Bibliográficos
Autor principal: Bonilla Maldonado, Daniel
Otros Autores: Crawford, Colin
Formato: eBook
Lenguaje:español
Publicado: Bogot:̀ Universidad de Los Andes (Colombia), 2019
Materias:
Acceso en línea:Acceso restringido

MARC

LEADER 00000nam a22000007a 4500
005 20200720232621.0
007 cr|||| ||||
008 200720s2019 co |||||s|||| 00||0 spa d
020 |a 978-958-665-564-4 
035 |a 31833 
040 |a vLex 
090 |c 10657  |d 10657 
100 1 |a Bonilla Maldonado, Daniel 
245 1 2 |a El acceso a la justicia  |h [Recurso electrn̤ico] :  |b teora̕ y prc̀tica desde una perspectiva comparada /  |c Daniel Bonilla Maldonado, Colin Crawford 
256 |a Servicio en ln̕ea 
260 |a Bogot:̀  |b Universidad de Los Andes (Colombia),  |c 2019 
300 |a 1 recurso electrn̤ico 
506 1 |a Disponible solo en los productos indicados  |d vLex Global  |d vLex Global (Academic Edition, excluding Law Schools)  |d vLex Global (U.S. Academic Edition, Law Schools)  |d vLex Global (U.S. Academic Edition, excluding Law Schools)  |d vLex Global (Academic Edition, Law Schools) 
650 0 4 |a Derecho Constitucional  |z Colombia 
700 1 |a Crawford, Colin 
740 0 |a vLex Libros (Servicio en ln̕ea) 
856 4 0 |u http://vlex.com/source/acceso-justicia-teoria-practica-perspectiva-comparada-31833  |z Acceso restringido 
942 |c BOOK 
999 0 |a Constitutional right